000 00979nam a2200301 a 4500
001 36988
003 BD-RjUL
005 20211209052550.0
008 140929s2005 ne a b 001 0 eng d
020 _a1402017340
020 _a9781402017346
035 _a(OCoLC)ocm55807997
_a(BD-RjUL)37090
040 _aOHX
_cOHX
_dOCLCQ
_dORU
_dBAKER
_dDLC
_dBD-RjUL
_beng
041 _aeng
072 7 _aQL
_2lcco
082 0 0 _a632.7
_222
_bINS 2005
245 0 0 _aInsects as natural enemies :
_ba practical perspective /
_cedited by Mark A. Jervis.
260 _aDordrecht, The Netherlands ;
_aNew York :
_bSpringer,
_cc2005.
300 _axiv, 748 p. :
_bill. ;
_c27 cm.
504 _aIncludes bibliographical references (p. [551]-686) and indexes.
650 0 _aParasitoids.
_9113020
650 0 _aParasitic insects.
_9113021
650 0 _aInsects
_xParasites.
_9113022
700 1 _aJervis, Mark.
_9113023
942 _2ddc
_cBK
999 _c36988
_d36988